Specifier (Record no. 76698)

MARC details
000 -LEADER
fixed length control field 00771cab a2200181 4500
001 - CONTROL NUMBER
control field ##L132929
008 - FIXED-LENGTH DATA ELEMENTS--GENERAL INFORMATION
fixed length control field 060323n2006 000 0 eng u
035 ## - SYSTEM CONTROL NUMBER
System control number (Sirsi) u132929
041 0# - LANGUAGE CODE
Language code of text/sound track or separate title eng
100 1# - MAIN ENTRY--PERSONAL NAME
Personal name Waterman, Anthony
245 00 - TITLE STATEMENT
Title Specifier
Remainder of title costs
260 ## - PUBLICATION, DISTRIBUTION, ETC.
Date of publication, distribution, etc. 2006
490 #0 - SERIES STATEMENT
Series statement Building
Volume/sequential designation 271(8422) 17 March 2006, 75-76(2)
520 ## - SUMMARY, ETC.
Summary, etc. Examines the types of corrosion which can effect concrete, and assesses the three main techniques for carrying out patch repair. Contains cost analysis for repair of corrosion-damaged reinforced concrete structures. With a guide to manufacturers of structural frames.
590 ## - LOCAL NOTE (RLIN)
Local note IKA280306
690 ## - LOCAL SUBJECT ADDED ENTRY--TOPICAL TERM (OCLC, RLIN)
Topical term or geographic name as entry element BUILT ENVIRONMENT-BUILDING MATERIALS-CEMENTITIOUS, CONCRETE AND MINERAL BOUND MATERIALS-CONCRETE
942 ## - ADDED ENTRY ELEMENTS (KOHA)
Suppress in OPAC 0
Holdings
Withdrawn status Lost status Source of classification or shelving scheme Damaged status Not for loan Home library Current library Shelving location Date acquired Total Checkouts Full call number Barcode Date last seen Copy number Price effective from Koha item type
    Dewey Decimal Classification     London London Journal article 23/03/2006   L132929 132929-1001 06/08/2019 1 06/08/2019 Journal article